Data communications and networking

Bibliographic Details
Main Author: Forouzan, Behrouz A. (Author)
Format: Book
Language:English
Published: New York : McGraw-Hill , c2013
Edition:5th ed.
Subjects:

MARC

LEADER 00000cam a2200000 7i4500
001 0000078621
005 20210201093000.0
008 111219s2013 nyu eng
020 |a 0073376221 
020 |a 9780073376226 
050 0 0 |a TK5105   |b .F67 2013 
090 0 0 |a TK5105   |b .F67 2013 
100 1 |a Forouzan, Behrouz A. ,   |e author 
245 1 0 |a Data communications and networking   |c Behrouz A. Forouzan 
250 |a 5th ed. 
260 |a New York :   |b McGraw-Hill ,   |c c2013 
300 |a xxxviii, 1226 p. :   |b ill. (some col.) ;   |c 24 cm. 
504 |a Includes bibliographical references and index 
505 0 |a 1. Part I: Overview -- 2. Part II: Physical layer -- 3. Part III: Data-link layer -- 4. Part IV: Network layer -- 5. Part V: Transport Layer -- 6. Part VI: Application Layer -- 7. Part VII: Topics related to all layers 
650 0 |a Computer networks 
650 0 |a Data transmission systems 
999 |a 1000166864   |b Book   |c OPEN SHELF (30 DAYS)   |e Tembila Campus